Sports Quiz

Random Sports or NHL Quiz

Anaheim Ducks Olympians Quiz Stats

 Plays Quiz not verified by Sporcle

Challenge
Share
Tweet
Embed
Score 0/30 Timer 10:00
0 Plays Today
Hint Answer % Correct
1998Teemu Selanne
100%
2006Teemu Selanne
100%
2010Teemu Selanne
100%
2014Teemu Selanne
100%
2010Ryan Getzlaf
99.2%
2010Corey Perry
99.2%
2014Ryan Getzlaf
99.2%
2014Corey Perry
99.2%
2010Jonas Hiller
94.6%
2014Jonas Hiller
94.6%
2010Scott Niedermayer
93.1%
2014Cam Fowler
92.3%
2010Bobby Ryan
89.2%
2002Paul Kariya
88.5%
2010Saku Koivu
82.3%
Hint Answer % Correct
2014Jakob Silfverberg
76.2%
2014Sami Vatanen
70%
1998Ruslan Salei
66.2%
2002Ruslan Salei
66.2%
2006Samuel Pahlsson
54.6%
2006Sandis Ozolinsh
43.1%
2002Ilya Bryzgalov
41.5%
2002Oleg Tverdovsky
41.5%
2006Ilya Bryzgalov
41.5%
2010Ryan Whitney
37.7%
1998Guy Hebert
35.4%
1998Mikhail Shtalenkov
29.2%
2006Vitali Vishnevski
26.2%
1998Dmitri Mironov
20%
1998Tomas Sandstrom
15.4%

You're not logged in!

Compare scores with friends on all Sporcle quizzes.
Join for Free
OR
Log In

You Might Also Like...

Show Comments

Extras

Top Quizzes Today


Score Distribution

Your Account Isn't Verified!

In order to create a playlist on Sporcle, you need to verify the email address you used during registration. Go to your Sporcle Settings to finish the process.

Report this User

Report this user for behavior that violates our Community Guidelines.

Details: